000 01182 a2200217 4500
001 56737
005 20260407155831.0
008 260407a1971 arg spa d
003 AR-UNSa-BCEJYS
040 _aAR-UNSa-BCEJYS
_bspa
_cAR-UNSa-BCEJYS
080 _a141.82
_xSocialismo científico, comunismo, marxismo, marxismo-leninismo
245 1 0 _aLos conceptos elementales del materialismo histórico
250 _a6a. ed.
264 1 _aBuenos Aires :
_bSiglo Veintiuno de Argentina Editores
_c1971
300 _axvi, 341 p.
_c18 cm.
505 _aPrimera parte: La estructura social - I. La producción - II. Relaciones de producción - III. Las fuerzas productivas - IV. La estructura económica de la sociedad - V. Infraestructura y superestructura - VI. Estructura ideológica - VII. Estructura jurídico-política - VIII. Modo de producción,formación social y coyuntura política - Segunda parte: Las clases sociales - IX. Las clases sociales - X. La lucha de clases - Tercera parte: La teoría marxista de la historia - XI. La teoría marxista de la historia
041 _aspa
942 _cBK
590 _aniveau_biblio:m niveau_hierar:0
100 1 _aHarnecker, Martha
999 _c6027
_d6027